[Event "BCF-ch Weekend op"]
[Site "Bournemouth"]
[Date "2016.07.30"]
[Round "3"]
[White "Deswarte, Ian"]
[Black "Crockart, Scott A"]
[Result "1/2-1/2"]
[WhiteElo "1794"]
[BlackElo "2132"]
[PlyCount "82"]
[EventDate "2016.07.29"]
[EventType "swiss"]
[EventRounds "5"]
[EventCountry "ENG"]
[SourceTitle "CBM 173 Extra"]
[Source "ChessBase"]
[SourceDate "2016.08.29"]
[SourceVersion "1"]
[SourceVersionDate "2016.08.29"]
[SourceQuality "1"]

1. e4 c5 2. Nf3 Nc6 3. d4 cxd4 4. Nxd4 Nf6 5. Nc3 e5 6. Ndb5 d6 7. Bg5 a6 8. Na3 b5 9. Bxf6 gxf6 10. Nd5 f5 11. Bd3 Be6 12. Qh5 Bg7 13. 0-0 h6 14. c3 0-0 15. Rad1 Rc8 16. Nc2 f4 17. h4 Ne7 18. Nxe7+ Qxe7 19. Nb4 Qd7 20. Be2 f5 21. Bf3 Rc4 22. exf5 Rxf5 23. Qg6 e4 24. Bg4 Rf6 25. Bxe6+ Qxe6 26. Qh5 Rf5 27. Rxd6 Rxh5 28. Rxe6 a5 29. Nc6 b4 30. cxb4 Bxb2 31. bxa5 Rhc5 32. Rb1 Rxc6 33. Rxc6 Rxc6 34. Rxb2 Rc5 35. Rb4 e3 36. fxe3 fxe3 37. Re4 Rxa5 38. a4 Kg7 39. Kf1 Rf5+ 40. Ke2 Rf2+ 41. Kxe3 Rxg2 1/2-1/2

[Event "BCF-ch Atkins op"]
[Site "Coventry"]
[Date "2015.08.02"]
[Round "4"]
[White "Deswarte, Ian"]
[Black "Ackley, Peter JE"]
[Result "1/2-1/2"]
[WhiteElo "1793"]
[BlackElo "2026"]
[PlyCount "24"]
[EventDate "2015.07.31"]
[EventType "swiss"]
[EventRounds "5"]
[EventCountry "ENG"]
[SourceTitle "CBM 167 Extra"]
[Source "ChessBase"]
[SourceDate "2015.09.14"]
[SourceVersion "1"]
[SourceVersionDate "2015.09.14"]
[SourceQuality "1"]

1. e4 e6 2. d4 d5 3. e5 c5 4. c3 Nc6 5. Nf3 Bd7 6. dxc5 Bxc5 7. Bd3 Nge7 8. Bf4 Ng6 9. Bg3 f5 10. h4 a5 11. h5 Nge7 12. Na3 Qb6 1/2-1/2

[Event "BCF-chT3 1011 (4NCL)"]
[Site "England"]
[Date "2011.01.16"]
[Round "4.42"]
[White "Webster, Richard J"]
[Black "Deswarte, Ian"]
[Result "1-0"]
[WhiteElo "1986"]
[BlackElo "1876"]
[PlyCount "57"]
[EventDate "2010.11.06"]
[EventType "team-swiss"]
[EventRounds "9"]
[EventCountry "ENG"]
[SourceTitle "EXT 2012"]
[Source "ChessBase"]
[SourceDate "2011.11.24"]
[SourceVersion "1"]
[SourceVersionDate "2011.11.24"]
[SourceQuality "1"]
[WhiteTeam "e2e4.org.uk IV"]
[BlackTeam "Guildford A&DC IV"]
[WhiteTeamCountry "ENG"]
[BlackTeamCountry "ENG"]

1. c4 Nf6 2. g3 g6 3. Bg2 Bg7 4. Nc3 c6 5. e4 d6 6. Nge2 0-0 7. 0-0 Na6 8. d3 Nc7 9. h3 a6 10. Kh2 Bd7 11. f4 e5 12. Be3 Qe7 13. Qd2 b5 14. Rae1 Rfd8 15. f5 h5 16. Bg5 Bc8 17. Rf2 Rf8 18. Ng1 Bb7 19. Nf3 Rad8 20. Qe3 Nce8 21. Ref1 Qc7 22. b3 Rd7 23. d4 exd4 24. Nxd4 Re7 25. Qd3 Rd7 26. fxg6 fxg6 27. Ne6 Qb6 28. Nxf8 Bxf8 29. Bxf6 1-0

[Event "BCF-chT2d 0910 (4NCL) Demotion pool"]
[Site "England"]
[Date "2010.05.03"]
[Round "11.2"]
[White "Deswarte, Ian"]
[Black "Yeo, Michael J"]
[Result "0-1"]
[WhiteElo "1900"]
[BlackElo "2152"]
[PlyCount "84"]
[EventDate "2009.10.24"]
[EventType "team-tourn"]
[EventRounds "4"]
[EventCountry "ENG"]
[SourceTitle "EXT 2010"]
[Source "ChessBase"]
[SourceDate "2010.11.25"]
[SourceVersion "1"]
[SourceVersionDate "2010.11.25"]
[SourceQuality "1"]
[WhiteTeam "Guildford III"]
[BlackTeam "Wessex"]
[WhiteTeamCountry "ENG"]
[BlackTeamCountry "ENG"]

1. e4 Nc6 2. Nf3 e5 3. Bb5 a6 4. Ba4 Nf6 5. Qe2 Be7 6. 0-0 b5 7. Bb3 0-0 8. c3 d5 9. d3 d4 10. Rd1 h6 11. Nbd2 Re8 12. Nf1 Bf8 13. Ng3 Na5 14. Bc2 c5 15. Bd2 Nc6 16. h3 Be6 17. Nh2 Ne7 18. Nh5 Ng6 19. Nxf6+ Qxf6 20. Ng4 Qh4 21. Qf3 Bd6 22. Bb3 c4 23. dxc4 bxc4 24. Ba4 Rec8 25. b3 Bc5 26. bxc4 h5 27. Nh2 dxc3 28. Bxc3 Qxf2+ 29. Qxf2 Bxf2+ 30. Kxf2 Rxc4 31. Bb3 Rxc3 32. Bxe6 Rc2+ 33. Kg3 h4+ 34. Kf3 fxe6 35. Rg1 Rf8+ 36. Ke3 Nf4 37. Ng4 Nxg2+ 38. Kd3 Rfc8 39. Nxe5 Nf4+ 40. Ke3 Nxh3 41. Rg6 R8c3+ 42. Kd4 Nf4 0-1

[Event "BCF-chT3 0910 (4NCL)"]
[Site "England"]
[Date "2010.01.16"]
[Round "3.1"]
[White "Upham, John E"]
[Black "Deswarte, Ian"]
[Result "1-0"]
[WhiteElo "1658"]
[BlackElo "1900"]
[PlyCount "33"]
[EventDate "2009.10.24"]
[EventType "team-tourn"]
[EventRounds "11"]
[EventCountry "ENG"]
[SourceTitle "EXT 2011"]
[Source "ChessBase"]
[SourceDate "2010.11.26"]
[SourceVersion "1"]
[SourceVersionDate "2010.11.26"]
[SourceQuality "1"]
[WhiteTeam "AMCA Cheetahs"]
[BlackTeam "Guildford"]
[WhiteTeamCountry "ENG"]
[BlackTeamCountry "ENG"]

1. d4 Nf6 2. Nf3 g6 3. Nc3 Bg7 4. e4 d6 5. Be3 0-0 6. Qd2 Ng4 7. Bg5 h6 8. h3 Nxf2 9. Qxf2 hxg5 10. Nxg5 c5 11. Qh4 Re8 12. Bc4 e6 13. Qh7+ Kf8 14. Nxf7 Qe7 15. Rf1 Nd7 16. Nxd6+ Nf6 17. Rxf6+ 1-0

[Event "BCF-chT4 0708 (4NCL)"]
[Site "England"]
[Date "2008.03.16"]
[Round "8.3"]
[White "Deswarte, Ian"]
[Black "Krishnan, Anand J"]
[Result "0-1"]
[WhiteElo "1935"]
[BlackElo "1870"]
[PlyCount "114"]
[EventDate "2007.09.15"]
[EventType "team-swiss"]
[EventRounds "11"]
[EventCountry "ENG"]
[SourceTitle "EXT 2009"]
[Source "ChessBase"]
[SourceDate "2008.11.26"]
[SourceVersion "1"]
[SourceVersionDate "2008.11.26"]
[SourceQuality "1"]
[WhiteTeam "Guildford V"]
[BlackTeam "AMCA Hippos"]
[WhiteTeamCountry "ENG"]
[BlackTeamCountry "ENG"]

1. e4 c6 2. d4 d5 3. exd5 cxd5 4. c4 Nf6 5. Nc3 Nc6 6. Nf3 e6 7. Bd3 Bd6 8. 0-0 0-0 9. Re1 Nb4 10. Bf1 dxc4 11. Bxc4 Qc7 12. Bb3 a6 13. Bg5 Nfd5 14. Rc1 Nxc3 15. bxc3 Nd5 16. c4 Ne7 17. Qd2 Ng6 18. g3 h6 19. Be3 Bd7 20. c5 Be7 21. h4 Bf6 22. Bc2 Rfd8 23. h5 Nf8 24. Bf4 Qc8 25. Nh2 Bc6 26. Bd6 Qd7 27. Ng4 Bg5 28. f4 Be7 29. Ne5 Qe8 30. Bxe7 Qxe7 31. Ng4 Qd7 32. Rcd1 Qd5 33. Qh2 Qd7 34. Ne5 Qc7 35. Qf2 Bd5 36. Bb1 f6 37. Ng4 Qf7 38. Qh2 Bf3 39. Qh4 Bxd1 40. Rxd1 Rd7 41. Ne3 Rad8 42. f5 exf5 43. Nxf5 Nh7 44. Nd6 Qe6 45. Bd3 Qe3+ 46. Kg2 Kh8 47. Qg4 Ng5 48. d5 Qxc5 49. Ne4 Qxd5 50. Bc2 Qc6 51. Rxd7 Qxc2+ 52. Kf1 Rxd7 53. Qxd7 Qxe4 54. Qc8+ Kh7 55. g4 Qb1+ 56. Kf2 Qxa2+ 57. Ke3 Qe6+ 0-1

[Event "BCF-chT4 0708 (4NCL)"]
[Site "England"]
[Date "2007.11.24"]
[Round "3.6"]
[White "Deswarte, Ian"]
[Black "Meade, Philip J"]
[Result "0-1"]
[WhiteElo "1935"]
[BlackElo "2020"]
[PlyCount "60"]
[EventDate "2007.09.15"]
[EventType "team-swiss"]
[EventRounds "11"]
[EventCountry "ENG"]
[SourceTitle "EXT 2009"]
[Source "ChessBase"]
[SourceDate "2008.11.26"]
[SourceVersion "1"]
[SourceVersionDate "2008.11.26"]
[SourceQuality "1"]
[WhiteTeam "Guildford IV"]
[BlackTeam "Gloucestershire. Gambits"]
[WhiteTeamCountry "ENG"]
[BlackTeamCountry "ENG"]

1. e4 c5 2. Nf3 e6 3. d4 cxd4 4. Nxd4 Nc6 5. Be3 Nf6 6. Nd2 Qc7 7. Be2 a6 8. 0-0 d5 9. Nxc6 bxc6 10. f4 dxe4 11. Nc4 c5 12. c3 Be7 13. Qa4+ Bd7 14. Qc2 0-0 15. Rad1 Rfd8 16. Ne5 Bb5 17. g4 Nd5 18. Bc1 f6 19. c4 fxe5 20. cxb5 Nxf4 21. Bxf4 exf4 22. Qxe4 axb5 23. Qxe6+ Kh8 24. Bf3 Rab8 25. Be4 Bf8 26. Rxd8 Rxd8 27. Qf5 g6 28. Qxf4 Qxf4 29. Rxf4 Bg7 30. Rf2 Bd4 0-1

[Event "BCF-chT4 0708 (4NCL)"]
[Site "England"]
[Date "2007.10.28"]
[Round "2.2"]
[White "Dickinson, Timothy R"]
[Black "Deswarte, Ian"]
[Result "1-0"]
[WhiteElo "2162"]
[BlackElo "1935"]
[PlyCount "89"]
[EventDate "2007.09.15"]
[EventType "team-swiss"]
[EventRounds "11"]
[EventCountry "ENG"]
[SourceTitle "EXT 2009"]
[Source "ChessBase"]
[SourceDate "2008.11.26"]
[SourceVersion "1"]
[SourceVersionDate "2008.11.26"]
[SourceQuality "1"]
[WhiteTeam "Oxford II"]
[BlackTeam "Guildford V"]
[WhiteTeamCountry "ENG"]
[BlackTeamCountry "ENG"]

1. e4 c5 2. c3 Nf6 3. e5 Nd5 4. d4 cxd4 5. Nf3 Nc6 6. Bc4 Nb6 7. Bb3 d6 8. exd6 Qxd6 9. cxd4 Bf5 10. Nc3 e6 11. 0-0 Be7 12. a4 0-0 13. a5 Nd5 14. Nb5 Qd7 15. Bxd5 exd5 16. Bf4 a6 17. Nc3 Bb4 18. Ne5 Nxe5 19. Bxe5 Bxc3 20. bxc3 Rac8 21. Qf3 Rc6 22. Rfe1 Be4 23. Qe3 Rfc8 24. Ra3 Qe7 25. Qc1 Qd8 26. Qd2 b5 27. axb6 Qxb6 28. f3 Bg6 29. Qa2 Qb5 30. Ra5 Qd3 31. Rxd5 Rxc3 32. Qe2 Re8 33. Bf4 f6 34. Qxd3 Rxd3 35. Rc1 Re7 36. Rd8+ Kf7 37. d5 Bf5 38. d6 Rd7 39. Ra8 g5 40. Bg3 Ra3 41. Bf2 Ra2 42. Bc5 a5 43. Re1 a4 44. Re7+ Rxe7 45. dxe7 1-0

[Event "BCF-chT3 0607 (4NCL)"]
[Site "Sunningdale"]
[Date "2007.05.07"]
[Round "11.16"]
[White "Deswarte, Ian"]
[Black "McMichael, Richard"]
[Result "0-1"]
[WhiteElo "1920"]
[BlackElo "2260"]
[PlyCount "98"]
[EventDate "2006.09.16"]
[EventType "team"]
[EventRounds "11"]
[EventCountry "ENG"]
[SourceTitle "EXT 2008"]
[Source "ChessBase"]
[SourceDate "2007.11.25"]
[SourceVersion "1"]
[SourceVersionDate "2007.11.25"]
[SourceQuality "1"]
[WhiteTeam "Guildford IV"]
[BlackTeam "Kings Head"]
[WhiteTeamCountry "ENG"]
[BlackTeamCountry "ENG"]

1. e4 e6 2. d4 d5 3. Nc3 Bb4 4. e5 c5 5. a3 Ba5 6. Bd2 Nc6 7. Nf3 cxd4 8. Nb5 Bb6 9. Nd6+ Kf8 10. Nxc8 Rxc8 11. Bd3 Nge7 12. 0-0 Ng6 13. Re1 Bc7 14. Bg5 Qd7 15. Bxg6 hxg6 16. Bf4 Bb6 17. Qd3 Kg8 18. Rad1 Qe7 19. Bc1 Rh5 20. b4 a5 21. b5 Na7 22. Bb2 Rc4 23. Bxd4 Bc5 24. a4 Nc8 25. Bxc5 Qxc5 26. Nd4 Rxa4 27. Nxe6 fxe6 28. Qxg6 Rh6 29. Qe8+ Kh7 30. Rd3 Rf4 31. Rf1 Qf8 32. Qxf8 Rxf8 33. Ra1 b6 34. Rc3 Na7 35. Rb1 Rc8 36. Rbb3 Rxc3 37. Rxc3 Nxb5 38. Rb3 Nd4 39. Rxb6 Kg6 40. f4 Kf5 41. g3 Ke4 42. Kg2 Nxc2 43. Ra6 Ne3+ 44. Kg1 Rh8 45. Rxa5 Rc8 46. Ra6 d4 47. Rxe6 Rc1+ 48. Kf2 Rf1+ 49. Ke2 d3+ 0-1